header

Family law digest : (Record no. 46942)

MARC details
000 -LEADER
fixed length control field 01629nam a2200397 i 4500
ISBN 9789966031990 (e-book)
245 00 - TITLE STATEMENT
Title Family law digest :
300 ## - PHYSICAL DESCRIPTION
Number of Pages 1 online resource (254 pages)
500 ## - GENERAL NOTE
General note Originally published: 2002.
650 #0 - SUBJECT ADDED ENTRY--TOPICAL TERM
Topical Term Marital property
Topical Term Women's rights
700 1# - ADDED ENTRY--PERSONAL NAME
Personal name Kanjama, Charles,
Personal name Juma, Katarina,
856 40 - ELECTRONIC LOCATION AND ACCESS
Uniform Resource Identifier http://site.ebrary.com/lib/rucke/Doc?id=10879014
264 #1 -
-- Nairobi :
-- LawAfrica,
-- 2009.
336 ## -
-- text
-- rdacontent
337 ## -
-- computer
-- rdamedia
338 ## -
-- online resource
-- rdacarrier
588 ## -
-- Description based on print version record.

No items available.

© 2026 Rongo University
Contact us: librarian | system librarian | Rongo university